| 000 | 01327cam a2200385 i 4500 | ||
|---|---|---|---|
| 001 | 17373498 | ||
| 003 | OSt | ||
| 005 | 20230605094929.0 | ||
| 008 | 120705t20112011ke a 000 0deng d | ||
| 010 | _a 2012311559 | ||
| 016 | 7 |
_a016190259 _2Uk |
|
| 020 | _z9966716338 | ||
| 035 | _a(OCoLC)ocn809933085 | ||
| 040 |
_aCUY _beng _cCUY _erda _dUKMGB _dOSU _dOCLCQ _dDLC |
||
| 042 |
_alccopycat _alcode |
||
| 043 | _af-ke--- | ||
| 050 | 0 | 0 |
_aJQ2947.A71 _bM38 2011 |
| 100 | 1 |
_aMburia, Pamela, _eauthor. |
|
| 245 | 1 | 0 |
_aJourney to leadership : _bwomen legislators in Kenya's tenth parliament / _cPamela Mburia, Jane Thuo, Marceline Nyambala. |
| 264 | 1 |
_aNairobi : _bAMWIK, Association of Media Women in Kenya, _c[2011] |
|
| 264 | 4 | _c©2011 | |
| 300 |
_a84 pages : _bcolor illustrations ; _c25 cm |
||
| 336 |
_atext _btxt _2rdacontent |
||
| 337 |
_aunmediated _bn _2rdamedia |
||
| 338 |
_avolume _bnc _2rdacarrier |
||
| 500 | _aAuthor's statement from cover. | ||
| 650 | 0 |
_aWomen legislators _zKenya. |
|
| 650 | 0 |
_aWomen _xPolitical activity _zKenya. |
|
| 651 | 0 |
_aKenya _xPolitics and government _y2002- |
|
| 700 | 1 |
_aThuo, Jane, _eauthor. |
|
| 700 | 1 |
_aNyambala, Marceline A., _eauthor. |
|
| 906 |
_a7 _bcbc _ccopycat _d3 _encip _f20 _gy-gencatlg |
||
| 942 |
_2ddc _cBK |
||
| 999 |
_c252 _d252 |
||